| 000 | 00429nam a22001577a 4500 | ||
|---|---|---|---|
| 003 | NUST - PNEC | ||
| 005 | 20170116180851.0 | ||
| 008 | 150825b xxu||||| |||| 00| 0 eng d | ||
| 020 | _a0809461188 | ||
| 040 | _cLIBRARY | ||
| 082 | _a613 TIM | ||
| 100 |
_95711 _aTime-Life Books |
||
| 245 |
_aThe Trained mind: Total concentration _cTime-Life Books |
||
| 650 |
_95712 _aFitness, health and nutrition _xGeneral |
||
| 942 |
_2ddc _cBK |
||
| 999 |
_c64630 _d64630 |
||